| 000 | 00790cam a2200253 a 4500 | ||
|---|---|---|---|
| 999 |
_c9774 _d9774 |
||
| 001 | 2544718 | ||
| 003 | OSt | ||
| 005 | 20210204125731.0 | ||
| 008 | 941108s1995 flua 000 0 eng | ||
| 010 | _a 94069811 | ||
| 020 | _a0884193861 | ||
| 040 |
_aDLC _cDLC _dDLC |
||
| 050 | 0 | 0 |
_aBT121.2 _bB167H |
| 082 | 0 | 0 |
_a234/.13 _220 |
| 100 | 1 | _aBonnke, Reinhard. | |
| 245 | 1 | 0 |
_aMighty manifestations / _cReinhard Bonnke. |
| 260 |
_aOrlando, Fla. : _bCreation House, _cc1994. |
||
| 300 |
_a236 p. : _bcol. ill. ; _c21 cm. |
||
| 500 | _aCover subtitle: The gifts and power of the Holy Spirit. | ||
| 650 | 0 | _aHoly Spirit. | |
| 906 |
_a7 _bcbc _corignew _d3 _eopcn _f19 _gy-gencatlg |
||
| 942 |
_2ddc _cBK |
||